Cómo evaluar la atención y las funciones ejecutivas en niños y adolescentes

Uloženo v:
Podrobná bibliografie
Hlavní autor: Soprano, Ana María (Autor)
Médium: Kniha
Jazyk:španělština
Vydáno: Buenos Aires Paidós 2009
Vydání:1a. ed
Edice:Evaluación Psicológica, 86
Témata:
Tagy: Přidat tag
Žádné tagy, Buďte první, kdo vytvoří štítek k tomuto záznamu!

MARC

LEADER 00000cam a2200000 a 4500
001 UCH4840
003 CL-VaPUC
008 090910e20090000AG |||||||||||||||||spa|d
020 |a 9789501260878 
082 0 4 |a 153.287  |b SOP  |2 21 
100 0 |a Soprano, Ana María  |e author  |9 540801 
245 1 0 |a Cómo evaluar la atención y las funciones ejecutivas en niños y adolescentes 
250 |a 1a. ed 
300 |a 215 p 
942 |c BK 
945 |d 20090910 00:00:00  |a rbrito 
260 |a Buenos Aires  |b Paidós  |c 2009 
650 7 |a TEST PSICOLOGICOS  |2 CL-VaPUC  |9 333478 
650 0 |a Psicometría  |9 260694 
650 0 |a Atención  |9 312027 
650 7 |a EVALUACION PSICOLOGICA  |2 CL-VaPUC  |9 375317 
650 0 |a Psicometría  |9 260694 
583 |a last modification  |c 20120412 10:05:50  |k Rodrigo Vera 
490 0 |a Evaluación Psicológica, 86 
999 |c 336095  |d 336093 
952 |0 0  |1 0  |4 0  |6 153_287000000000000_SOP_2009  |7 0  |8 A  |9 427021  |a BIBEDU  |b BIBEDU  |d 2019-11-22  |i 4600320  |o 153.287 SOP 2009  |p 4600320  |r 2019-11-22  |w 2019-11-22  |y BK  |k PSI 
952 |0 0  |1 0  |4 0  |6 153_287000000000000_SOP_2009  |7 0  |8 A  |9 427022  |a BIBEDU  |b BIBEDU  |d 2019-11-22  |i 4723759  |o 153.287 SOP 2009  |p 4723759  |r 2019-11-22  |w 2019-11-22  |y BK  |k EPE 
952 |0 0  |1 0  |4 0  |6 153_287000000000000_SOP_2009  |7 0  |8 A  |9 427023  |a BIBEDU  |b BIBEDU  |d 2019-11-22  |i 4856317  |l 2  |o 153.287 SOP 2009  |p 4856317  |r 2024-11-04  |s 2024-10-03  |w 2019-11-22  |y BK  |k PSI